Fortnite battle pass (song) lyrics quiz - Statistics

General Stats
  • This quiz has been taken 250 times
  • The average score is 47 of 81
Answer Stats
Answer % Correct
battle
95%
battle
95%
Fortnite
94%
fortnite
94%
fortnite
94%
fortnite
94%
fortnite
94%
i
94%
i
94%
i
94%
i
94%
i
94%
pass
93%
pass
93%
my
91%
my
91%
o
89%
just
87%
ass
83%
shit
83%
out
82%
need
76%
need
76%
PC
74%
up
74%
that
71%
cause
68%
me
67%
me
67%
me
67%
to
66%
get
65%
booted
62%
it
61%
like
57%
like
57%
It's
56%
it's
56%
it's
56%
it's
56%
did
53%
mean
53%
the
53%
night
52%
night
52%
mention
51%
time
51%
time
51%
time
51%
you
43%
basically
41%
clock
41%
is
41%
five
39%
adventure
38%
or
38%
PS5
37%
network
36%
cartoon
35%
remember
34%
tell
34%
that's
33%
your
33%
i'm
32%
over
32%
so
32%
gonna
31%
more
31%
run
31%
type
31%
which
31%
if
30%
of
30%
probably
29%
not
28%
then
27%
us
27%
can't
26%
seems
25%
yall
25%
decide
24%
No matching quizzes found
Score Distribution
Percent of People with Each Score
Percentile by Number Answered
Your Score History
You have not taken this quiz